Empresas Industriales (Registro nro. 2323)

Detalles MARC
000 -LEADER
fixed length control field 02191 a2200205 4500
001 - CONTROL NUMBER
control field 33038
005 - DATE AND TIME OF LATEST TRANSACTION
control field 20260407155625.0
008 - FIXED-LENGTH DATA ELEMENTS--GENERAL INFORMATION
fixed length control field 260407a1959 arg spa d
003 - CONTROL NUMBER IDENTIFIER
control field AR-UNSa-BCEJYS
040 ## - CATALOGING SOURCE
Original cataloging agency AR-UNSa-BCEJYS
Language of cataloging spa
Transcribing agency AR-UNSa-BCEJYS
080 ## - UNIVERSAL DECIMAL CLASSIFICATION NUMBER
Universal Decimal Classification number 658.014.14
Common auxiliary subdivision Manuales Administrativos
100 1# - MAIN ENTRY--PERSONAL NAME
Personal name Olano, Douglas de
245 10 - TITLE STATEMENT
Title Empresas Industriales
Name of part/section of a work manual de organización y dirección
264 #1 - PRODUCTION, PUBLICATION, DISTRIBUTION, MANUFACTURE, AND COPYRIGHT NOTICE
Place of production, publication, distribution, manufacture Buenos Aires :
Name of producer, publisher, distributor, manufacturer Selección Contable
Date of production, publication, distribution, manufacture, or copyright notice 1959
300 ## - PHYSICAL DESCRIPTION
Extent x, 766 p.
Dimensions 24 cm.
505 ## - FORMATTED CONTENTS NOTE
Formatted contents note 1. Comienzos hitóricos de la dirección de la empresa - 2. El desarrollo de la dirección a partir de 1910 - 3. La organización para la producción - 4. Atributos de la organización - 5. Problemas en el nivel ejecutivo - 6. Problemas en el nivel del capataz - 7. Problemas en el nivel del obrero - 8. La elección del sitio - 9. El edificio como equipo de producción - 10. Maquinarias y equipos - 11. Disposición de la planta - 12. Mantenimiento de la maquinaria y de los equipos - 13. Condiciones de trabajo: luz y calor - 14. Condiciones de trabajo: aire, ruido, música, monotonía - 15. Investigación de productos - 16. El diseño del producto - 17. Simplificación y estandarización del producto - 18. Inspección del producto - 19. Mejoramiento de métodos - 20. Técnicas y procedimientos del estudio de tiempos - 21. Determinación de los tiempos- patrones - 22. El problema de los salarios - 23. Sistemas de salarios - 24. Sistemas de salarios - 25. Valuación de tareas - 26. El departamento de personal - 27. Procedimientos de empleo - 28. Traslados, promociones y despidos - 29. El adiestramiento de los empleados - 30. Servicios de empleados - 31. Adquisiciones - 32. Patrones y control del inventario - 33. El depósito de los materiales y las previsiones - 34. El problema del control de la producción - 35. La planificación en el caso de la producción diversificada - 36. Entrega de materiales y vigilancia del producto - 37. El control de la producción en la fabricación continua - 38. Control por medio del presupuesto - 39. El control mediante los costos.
590 ## - LOCAL NOTE (RLIN)
Local note niveau_biblio:m niveau_hierar:0
700 1# - ADDED ENTRY--PERSONAL NAME
Personal name Irwin, Richard D.
942 ## - ADDED ENTRY ELEMENTS (KOHA)
Koha item type
Existencias
Withdrawn status Lost status Damaged status Not for loan Home library Current library Shelving location Date acquired Total checkouts Full call number Barcode Date last seen Price effective from Koha item type
        Biblioteca Prof. Eusebio Cleto del Rey Biblioteca Prof. Eusebio Cleto del Rey   07/04/2026   658.014.14 I65 L21063 07/04/2026 07/04/2026 Libro